| 000 | 00556 a2200217 4500 | ||
|---|---|---|---|
| 001 | 070009 | ||
| 003 | OSt | ||
| 005 | 20220112101948.0 | ||
| 008 | |||
| 020 | _a9788126508105 | ||
| 082 |
_a530.15 _bB63M |
||
| 100 | 1 | _aBoas, Mary L. | |
| 245 | 1 |
_aMathematical methods in the physical sciences _cby Mary L. Boas |
|
| 250 | _a3rd ed. | ||
| 260 |
_aNew Delhi _bWiley _c2011, 2015, 2018 |
||
| 300 | _axviii, 839p. | ||
| 653 | _aMathematical physics | ||
| 653 | _aMathematics | ||
| 653 | _aPhysics | ||
| 942 |
_2ddc _cBK |
||
| 999 |
_c3535 _d3535 |
||